000 00521nam a22002057a 4500
999 _c3982
_d3982
003 GBCCL
005 20241126110508.0
008 171219b xxu||||| |||| 00| 0 eng d
020 _a1852401524
040 _cgbc
082 _a248.32
_bROB
100 _aRobinson, Stuart
_97743
245 _aPraying the Price /
_cStuart Robinson
260 _aEngland:
_bSovereign World,
_c1994
300 _a157 p.;
_c21 cm.
650 _aChristian leaders
_99670
650 _aPrayer
_9332
650 _aChurch
_9263
942 _2ddc
_cBK